000 00785nam a22002537a 4500
001 37758
003 UA-OsUOA
005 20201127190615.0
007 ta
008 20070515b un ||||| |||| 00| 0 ukr d
040 _aUA-OsUOA
_bukr
_cUA-OsUOA
_dUA-OsUOA
041 _aukr
080 _a94(477).152
090 _a94(477).152
_bБ18
100 _aБайрак М.
245 _aУкраїнська Стрілецька Громада в Едмонтоні
260 _aЕдмонтон
_c1978
300 _a240 с.
650 7 _a9 Географія. Біографії. Історія
_2UDC
942 _cBK
_2udc
955 _a1
999 _c436286
_d436286